01678nam a2200409 a 4500001001200000003000800012006001900020007001500039008004100054010001700095020004300112020004000155020003800195020003500233040002100268035002100289043001200310050002500322082002300347100001800370245013700388260005100525300002200576504005100598533015200649650003700801650004500838650002500883650004200908650005400950650002801004650004701032655002901079710001701108856012601125999001701251ebr10266071CaPaEBRm u cr cn|||||||||070622s2008 ilua sb 001 0 eng  z 2007025921 z9780226675329 (hardcover : alk. paper) z0226675327 (hardcover : alk. paper) z9780226675336 (pbk. : alk. paper) z0226675335 (pbk. : alk. paper) aCaPaEBRcCaPaEBR a(OCoLC)309868528 ae-uk---14aHG186.G7bP58 2008eb04a332.0941/090332221 aPoovey, Mary.10aGenres of the credit economyh[electronic resource] :bmediating value in eighteenth- and nineteenth-century Britain /cMary Poovey. aChicago :bUniversity of Chicago Press,c2008. ax, 511 p. :bill. aIncludes bibliographical references and index. aElectronic reproduction.bPalo Alto, Calif. :cebrary,d2013.nAvailable via World Wide Web.nAccess may be limited to ebrary affiliated libraries. 0aFinancezGreat BritainxHistory. 0aConsumer creditzGreat BritainxHistory. 0aMoney in literature. 0aMoneyxSocial aspectszGreat Britain. 0aEconomics and literaturezGreat BritainxHistory. 0aLiterary formxHistory. 0aEnglish literaturexHistory and criticism. 7aElectronic books.2local2 aebrary, Inc.40uhttp://site.ebrary.com/lib/rucke/Doc?id=10266071zAn electronic book accessible through the World Wide Web; click to view c26410d26410